07876nas1a22004571i 4500001002900000005001700029035002600046100004100072101000800113102000700121110001600128200005600144207001400200210004200214300005100256311018600307320017900493325039200672325039201064325039301456325038301849325038202232325038302614325038402997325038103381325038403762325038304146325038404529325038404913325038305297325038405680325038106064325038206445325038206827488009407209801002707303801001807330801003107348852001507379852002407394RU\NLR\INFOCOMM10\100029870420240723092651.0 a(NLR Aleph) 002309555 a20041018b18821917|||y0rusy50 ca0 arus aRU aafa||||0|y01 aРодникeИлл. журн. для детей 1aГ.[1]-36 aСПб.cЕ.Сысоеваd1882-1917 a№5 и 6 (1916) вышли в общ. обл. aОбразовался в результате реорганизации Отдела для детского чтения журнала "Воспитание и обучение" aПисатели и художники, работавшие в "Роднике" за 25 лет его существования (В журн. ... 1906 №23/24, с.170-172)1 aВоспроизведен микрофильм. 1882, Т.1-4, № 1-12. РНБ Репрография: Санкт-Петербург, 2003. Негатив: 688 кадров; микрофильм рулонный; 35мм; монохромный; основа безопасная; эмульсия галогеносеребряная; основная страховая копия.1 aВоспроизведен микрофильм. 1883, Т.5-8, № 1-12. РНБ Репрография: Санкт-Петербург, 2003. Негатив: 712 кадров; микрофильм рулонный; 35мм; монохромный; основа безопасная; эмульсия галогеносеребряная; основная страховая копия.1 aВоспроизведен микрофильм. 1884, Т.9-12, № 1-12. РНБ Репрография: Санкт-Петербург, 2003. Негатив: 698 кадров; микрофильм рулонный; 35мм; монохромный; основа безопасная; эмульсия галогеносеребряная; основная страховая копия.1 aВоспроизведен микрофильм. 1885, № 1-6. РНБ Репрография: Санкт-Петербург, 2003. Негатив: 316 кадров; микрофильм рулонный; 35мм; монохромный; основа безопасная; эмульсия галогеносеребряная; основная страховая копия.1 aВоспроизведен микрофильм. 1885, № 7-12. РНБ Репрография: Санкт-Петербург, 2003. Негатив: 344 кадра; микрофильм рулонный; 35мм; монохромный; основа безопасная; эмульсия галогеносеребряная; основная страховая копия.1 aВоспроизведен микрофильм. 1886, № 1-6. РНБ Репрография: Санкт-Петербург, 2003. Негатив: 339 кадров; микрофильм рулонный; 35мм; монохромный; основа безопасная; эмульсия галогеносеребряная; основная страховая копия.1 aВоспроизведен микрофильм. 1886, № 7-12. РНБ Репрография: Санкт-Петербург, 2003. Негатив: 370 кадров; микрофильм рулонный; 35мм; монохромный; основа безопасная; эмульсия галогеносеребряная; основная страховая копия.1 aВоспроизведен микрофильм. 1887, № 1-6. РНБ Репрография: Санкт-Петербург, 2003. Негатив: 373 кадра; микрофильм рулонный; 35мм; монохромный; основа безопасная; эмульсия галогеносеребряная; основная страховая копия.1 aВоспроизведен микрофильм. 1887, № 7-12. РНБ Репрография: Санкт-Петербург, 2003. Негатив: 336 кадров; микрофильм рулонный; 35мм; монохромный; основа безопасная; эмульсия галогеносеребряная; основная страховая копия.1 aВоспроизведен микрофильм. 1888, № 1-6. РНБ Репрография: Санкт-Петербург, 2003. Негатив: 336 кадров; микрофильм рулонный; 35мм; монохромный; основа безопасная; эмульсия галогеносеребряная; основная страховая копия.1 aВоспроизведен микрофильм. 1888, № 7-12. РНБ Репрография: Санкт-Петербург, 2003. Негатив: 348 кадров; микрофильм рулонный; 35мм; монохромный; основа безопасная; эмульсия галогеносеребряная; основная страховая копия.1 aВоспроизведен микрофильм. 1890, № 7-12. РНБ Репрография: Санкт-Петербург, 2003. Негатив: 368 кадров; микрофильм рулонный; 35мм; монохромный; основа безопасная; эмульсия галогеносеребряная; основная страховая копия.1 aВоспроизведен микрофильм. 1891, № 1-6. РНБ Репрография: Санкт-Петербург, 2003. Негатив: 369 кадров; микрофильм рулонный; 35мм; монохромный; основа безопасная; эмульсия галогеносеребряная; основная страховая копия.1 aВоспроизведен микрофильм. 1891, № 7-12. РНБ Репрография: Санкт-Петербург, 2003. Негатив: 378 кадров; микрофильм рулонный; 35мм; монохромный; основа безопасная; эмульсия галогеносеребряная; основная страховая копия.1 aВоспроизведен микрофильм. 1892, № 1-6. РНБ Репрография: Санкт-Петербург, 2003. Негатив: 372 кадра; микрофильм рулонный; 35мм; монохромный; основа безопасная; эмульсия галогеносеребряная; основная страховая копия.1 aВоспроизведен микрофильм. 1892, № 7-12. РНБ Репрография: Санкт-Петербург, 2003. Негатив: 403 кадра; микрофильм рулонный; 35мм; монохромный; основа безопасная; эмульсия галогеносеребряная; основная страховая копия.1 aВоспроизведен микрофильм. 1894, № 7-12. РНБ Репрография: Санкт-Петербург, 2003. Негатив: 374 кадра; микрофильм рулонный; 35мм; монохромный; основа безопасная; эмульсия галогеносеребряная; основная страховая копия. 012001#$aВоспитание и обучениеtВоспитание и обучение 1aRUbInfoCommc20041018 0aRUbNLRgPSBO 2aRUbNLRc200812252rusmarc aNLRj2/311 aNLRbМфjП1/9359